000 00616cam a22001935a 4500
020 _a0072424362 (combined ed. : alk. paper)
020 _a0072490519 (v. 1)
020 _a0072490535 (v. 2)
040 _cDLC
082 0 0 _a973
100 1 _aBrinkley, Alan.
245 1 0 _aAmerican history :
_ba survey /
250 _a11th ed.
260 _aBoston :
_bMcGraw-Hill,
_cc2003.
300 _a1 v. (various pagings) :
_bill. (chiefly col.), col. maps ;
_c29 cm.
856 4 1 _uhttp://www.loc.gov/catdir/toc/mh031/2002106646.html
856 4 2 _uhttp://www.loc.gov/catdir/description/mh024/2002106646.html
942 _cREC
999 _c21439
_d21439